[Event "Abu Dhabi op 29th"]
[Site "Abu Dhabi"]
[Date "2023.08.24"]
[Round "9"]
[White "Song, Raymond"]
[Black "Rakesh, Kumar Jena"]
[Result "1-0"]
[WhiteElo "2512"]
[BlackElo "2289"]
[PlyCount "127"]
[EventDate "2023.08.16"]
[EventType "swiss"]
[EventRounds "9"]
[EventCountry "UAE"]
[SourceTitle "EXT 2024"]
[Source "ChessBase"]
[SourceDate "2023.10.10"]
[SourceVersion "1"]
[SourceVersionDate "2023.10.10"]
[SourceQuality "1"]

1. c4 Nf6 2. Nf3 e6 3. g3 d5 4. Bg2 dxc4 5. Qa4+ Nbd7 6. Qxc4 a6 7. Qc2 c5 8. Nc3 Ra7 9. 0-0 b6 10. e4 Bb7 11. Rd1 Qa8 12. d3 Be7 13. h3 0-0 14. Be3 Rd8 15. Qb3 Bc6 16. a4 b5 17. Qc2 b4 18. Nb1 a5 19. Nbd2 e5 20. Nc4 Qb8 21. Nfd2 Nf8 22. Nb3 Ne6 23. Qe2 Be8 24. h4 Nd7 25. Bh3 Ndf8 26. Qh5 f6 27. Qe2 Bf7 28. h5 Nd4 29. Bxd4 cxd4 30. Rdc1 Qa8 31. Bf5 g6 32. Bg4 Ra6 33. f4 exf4 34. gxf4 Qb8 35. Rf1 Kh8 36. Kh1 gxh5 37. Bxh5 Bxc4 38. dxc4 f5 39. exf5 Rh6 40. Kg2 Qc7 41. Rh1 Bf6 42. Qe4 Qxc4 43. Nxa5 Qd5 44. Qxd5 Rxd5 45. Nc6 Rxf5 46. Bg4 Rxh1 47. Rxh1 Rxf4 48. Kg3 Re4 49. a5 Re3+ 50. Bf3 Rb3 51. a6 Nd7 52. a7 Nb6 53. Kf4 d3 54. Rh5 d2 55. Bd1 Rxb2 56. Rb5 Na8 57. Rb8+ Kg7 58. Rxa8 Rb1 59. Rg8+ Kxg8 60. a8Q+ Kg7 61. Qa7+ Kh6 62. Qg1 b3 63. Kf5 Rc1 64. Ne5 1-0

[Event "Abu Dhabi op 29th"]
[Site "Abu Dhabi"]
[Date "2023.08.23"]
[Round "8"]
[White "Rakesh, Kumar Jena"]
[Black "Sandipan, Chanda"]
[Result "1/2-1/2"]
[WhiteElo "2289"]
[BlackElo "2491"]
[PlyCount "97"]
[EventDate "2023.08.16"]
[EventType "swiss"]
[EventRounds "9"]
[EventCountry "UAE"]
[SourceTitle "EXT 2024"]
[Source "ChessBase"]
[SourceDate "2023.10.10"]
[SourceVersion "1"]
[SourceVersionDate "2023.10.10"]
[SourceQuality "1"]

1. d4 f5 2. Nc3 Nf6 3. Bg5 d5 4. h4 e6 5. e3 Bd7 6. h5 c5 7. h6 g6 8. Qd2 Nc6 9. 0-0-0 Be7 10. f3 Nh5 11. Bxe7 Qxe7 12. Bb5 a6 13. Bxc6 Bxc6 14. Nge2 0-0-0 15. Nf4 Nf6 16. Nd3 Nd7 17. dxc5 Nxc5 18. Ne5 Nd7 19. Nxc6 bxc6 20. Na4 Kb7 21. Qa5 Rb8 22. Rd3 Ka7 23. Rb3 Qd6 24. f4 Rxb3 25. axb3 e5 26. fxe5 Qxe5 27. Kb1 Re8 28. Rd1 Qb8 29. Qc3 Qd6 30. Qd4+ Kb7 31. c4 Re4 32. Qg7 Qe7 33. cxd5 Qxg7 34. hxg7 Re8 35. e4 Rg8 36. d6 fxe4 37. b4 Rxg7 38. Re1 a5 39. Rxe4 Ka6 40. Nc5+ Nxc5 41. bxc5 Kb5 42. Re5 Kc4 43. g4 Kd4 44. Re7 Rg8 45. Rxh7 Kxc5 46. d7 Kd6 47. Rg7 Rd8 48. Rxg6+ Kxd7 49. Kc2 1/2-1/2

[Event "Cattolica Vergani Cup"]
[Site "Cattolica"]
[Date "2022.01.09"]
[Round "9"]
[White "Rakesh, Kumar Jena"]
[Black "Lodici, Lorenzo"]
[Result "0-1"]
[WhiteElo "2329"]
[BlackElo "2524"]
[PlyCount "60"]
[EventDate "2022.01.02"]
[EventType "swiss"]
[EventRounds "9"]
[EventCountry "ITA"]
[SourceTitle "EXT 2023"]
[Source "ChessBase"]
[SourceDate "2022.10.05"]
[SourceVersion "1"]
[SourceVersionDate "2022.10.05"]
[SourceQuality "1"]

1. d4 Nf6 2. Bf4 b6 3. e3 Bb7 4. Nd2 g6 5. Ngf3 Bg7 6. h3 d6 7. Bd3 Nbd7 8. 0-0 0-0 9. Bh2 Re8 10. e4 e5 11. d5 c6 12. c4 Nc5 13. Bc2 a5 14. a3 a4 15. Re1 Qc7 16. Rc1 b5 17. cxb5 cxd5 18. exd5 Bxd5 19. Be4 Nfxe4 20. Nxe4 Bxe4 21. Rxe4 Qb7 22. Rec4 Bf8 23. Nd2 Qxb5 24. Rb4 Qa6 25. Nc4 Nb3 26. Rb6 Qa7 27. Qd5 Rab8 28. Rxb8 Qxb8 29. Rd1 Nd4 30. Rd2 Rc8 0-1

[Event "Budapest Vezerkepzo IM 12"]
[Site "Budapest"]
[Date "2021.12.20"]
[Round "6"]
[White "Anishka, Vikram"]
[Black "Rakesh, Kumar Jena"]
[Result "0-1"]
[WhiteElo "1921"]
[BlackElo "2325"]
[PlyCount "80"]
[EventDate "2021.12.15"]
[EventType "tourn"]
[EventRounds "9"]
[EventCountry "HUN"]
[SourceTitle "CBM 205 Extra"]
[Source "ChessBase"]
[SourceDate "2022.01.31"]
[SourceVersion "1"]
[SourceVersionDate "2022.01.31"]
[SourceQuality "1"]

1. d4 c5 2. d5 f5 3. c4 Nf6 4. Nc3 g6 5. g3 Bg7 6. Bg2 0-0 7. Nf3 d6 8. 0-0 Na6 9. Nd2 Nc7 10. a4 Rb8 11. e4 f4 12. Nf3 Nh5 13. Ne2 fxg3 14. fxg3 a6 15. a5 b5 16. axb6 Rxb6 17. Rb1 Ne8 18. Qc2 Bd7 19. h3 Qb8 20. g4 Nhf6 21. Nf4 a5 22. Bd2 a4 23. Ng5 Nxg4 24. hxg4 Rxb2 25. Rxb2 Qxb2 26. Qxb2 Bxb2 27. Nd3 Bd4+ 28. Kh1 Nf6 29. Nf3 Nxe4 30. Re1 Nxd2 31. Nxd2 a3 32. Nb3 Bf6 33. Bh3 g5 34. Kg2 Rb8 35. Na1 Ba4 36. Nf2 a2 37. Ne4 Rb2+ 38. Kf3 Bd4 39. Ng3 Rb1 40. Rxe7 Rxa1 0-1

[Event "Budapest Vezerkepzo IM 12"]
[Site "Budapest"]
[Date "2021.12.16"]
[Round "2"]
[White "Rakesh, Kumar Jena"]
[Black "Leszko, Bence"]
[Result "1-0"]
[WhiteElo "2325"]
[BlackElo "2253"]
[PlyCount "87"]
[EventDate "2021.12.15"]
[EventType "tourn"]
[EventRounds "9"]
[EventCountry "HUN"]
[SourceTitle "CBM 205 Extra"]
[Source "ChessBase"]
[SourceDate "2022.01.31"]
[SourceVersion "1"]
[SourceVersionDate "2022.01.31"]
[SourceQuality "1"]

1. Nf3 Nf6 2. d4 e6 3. Bf4 d5 4. Nbd2 Bd6 5. e3 0-0 6. Bg3 c5 7. c3 Qc7 8. Ne5 Nfd7 9. f4 f6 10. Bd3 fxe5 11. fxe5 Nxe5 12. dxe5 Bxe5 13. Bxh7+ Kxh7 14. Qh5+ Kg8 15. Bxe5 Qf7 16. Qg5 Nc6 17. Rf1 Qe7 18. Rxf8+ Qxf8 19. 0-0-0 Nxe5 20. Qxe5 Bd7 21. e4 Qb8 22. Nf3 Qxe5 23. Nxe5 Bc6 24. Kd2 Rf8 25. Ke3 Rf6 26. h4 Rh6 27. g3 Rh5 28. Kf4 Kf8 29. g4 Rh6 30. h5 Ke7 31. Rh1 Be8 32. Rd1 Bc6 33. Nd3 Rf6+ 34. Ke3 dxe4 35. Ne5 Be8 36. c4 b5 37. b4 cxb4 38. c5 Rf3+ 39. Nxf3 exf3 40. Kxf3 a5 41. Kf4 Bc6 42. g5 Kf7 43. Ke5 a4 44. Rb1 1-0

[Event "Lvov Vasylyshyn Memorial-B 18th"]
[Site "Lvov"]
[Date "2021.12.09"]
[Round "6"]
[White "Krzywda, Andrzej"]
[Black "Rakesh, Kumar Jena"]
[Result "1-0"]
[WhiteElo "2110"]
[BlackElo "2325"]
[PlyCount "39"]
[EventDate "2021.12.04"]
[EventType "tourn"]
[EventRounds "9"]
[EventCountry "UKR"]
[SourceTitle "CBM 205 Extra"]
[Source "ChessBase"]
[SourceDate "2022.01.31"]
[SourceVersion "1"]
[SourceVersionDate "2022.01.31"]
[SourceQuality "1"]

1. e4 d6 2. d4 g6 3. Nc3 Bg7 4. Be3 c6 5. a4 Nd7 6. Nge2 Ngf6 7. h3 0-0 8. g4 e5 9. Bg2 Re8 10. 0-0 exd4 11. Bxd4 c5 12. Be3 Ne5 13. b3 Bxg4 14. hxg4 Nfxg4 15. Qd2 Nc6 16. Bg5 f6 17. Bf4 g5 18. Qd5+ Kh8 19. Bxd6 Nb4 20. Qxc5 1-0

[Event "Vinnytsia Summer IM"]
[Site "Vinnytsia"]
[Date "2021.08.05"]
[Round "6"]
[White "Bilych, Olexiy"]
[Black "Rakesh, Kumar Jena"]
[Result "1-0"]
[WhiteElo "2288"]
[BlackElo "2334"]
[PlyCount "69"]
[EventDate "2021.08.02"]
[EventType "tourn"]
[EventRounds "9"]
[EventCountry "UKR"]
[SourceTitle "CBM 203 Extra"]
[Source "ChessBase"]
[SourceDate "2021.09.30"]
[SourceVersion "1"]
[SourceVersionDate "2021.09.30"]
[SourceQuality "1"]

1. d4 d5 2. c4 e6 3. Nf3 Nf6 4. g3 Be7 5. Bg2 0-0 6. 0-0 dxc4 7. Qc2 b5 8. a4 b4 9. Nfd2 Nd5 10. Nxc4 c5 11. dxc5 Na6 12. e4 Nf6 13. Rd1 Qc7 14. Bf4 Qxc5 15. Nbd2 Bb7 16. Nb3 Qh5 17. Nba5 b3 18. Qb1 Rac8 19. Nxb7 Rxc4 20. Qd3 Rfc8 21. Bd6 Nb4 22. Qf1 Nc2 23. Rac1 Ng4 24. h3 Nxf2 25. Qxf2 Bf6 26. g4 Qh6 27. Bf4 g5 28. Bg3 Bxb2 29. Nd6 Qf8 30. Rb1 Bd4 31. Rxd4 Nxd4 32. Nxc8 Qxc8 33. Rf1 Qd7 34. Kh2 Nc6 35. Qe3 1-0

[Event "Moscow Aeroflot op-B"]
[Site "Moscow"]
[Date "2020.02.24"]
[Round "6"]
[White "Rakesh, Kumar Jena"]
[Black "Dudin, Gleb"]
[Result "1-0"]
[WhiteElo "2336"]
[BlackElo "2394"]
[PlyCount "47"]
[EventDate "2020.02.19"]
[EventType "swiss"]
[EventRounds "9"]
[EventCountry "RUS"]
[SourceTitle "CBM 195"]
[Source "ChessBase"]
[SourceDate "2020.04.30"]
[SourceVersion "1"]
[SourceVersionDate "2020.04.30"]
[SourceQuality "1"]

1. Nf3 g6 2. e4 Bg7 3. d4 d6 4. Nc3 a6 5. a4 Bg4 6. Be3 Nc6 7. d5 Ne5 8. Be2 Bxf3 9. gxf3 Nf6 10. f4 Ned7 11. h4 c6 12. h5 gxh5 13. Rg1 Bh6 14. Bxh5 Qa5 15. e5 dxe5 16. fxe5 Bxe3 17. exf6 Qc5 18. Bxf7+ Kxf7 19. Qh5+ Kf8 20. Rg7 Bxf2+ 21. Kf1 Ne5 22. Qxe5 Bh4 23. fxe7+ Ke8 24. Qh5+ 1-0

[Event "Moscow Aeroflot op-B"]
[Site "Moscow"]
[Date "2020.02.22"]
[Round "4"]
[White "Rakesh, Kumar Jena"]
[Black "Can, Isik"]
[Result "1/2-1/2"]
[WhiteElo "2336"]
[BlackElo "2380"]
[PlyCount "59"]
[EventDate "2020.02.19"]
[EventType "swiss"]
[EventRounds "9"]
[EventCountry "RUS"]
[SourceTitle "CBM 195"]
[Source "ChessBase"]
[SourceDate "2020.04.30"]
[SourceVersion "1"]
[SourceVersionDate "2020.04.30"]
[SourceQuality "1"]

1. Nf3 d5 2. d4 Nf6 3. Bf4 Bf5 4. e3 e6 5. Bd3 Bxd3 6. Qxd3 Bd6 7. Nbd2 0-0 8. 0-0 c5 9. Bxd6 Qxd6 10. e4 dxe4 11. Nxe4 Nxe4 12. Qxe4 Nc6 13. Ng5 g6 14. Qh4 h5 15. Ne4 Qxd4 16. Rad1 Qxb2 17. c3 Rfd8 18. Rb1 Qc2 19. Rxb7 Rab8 20. Rc7 Rdc8 21. Rxf7 Kxf7 22. Qf6+ Kg8 23. Qxg6+ Kf8 24. Qf6+ Kg8 25. Qxe6+ Kg7 26. Qf6+ Kg8 27. Qg6+ Kf8 28. Qf6+ Kg8 29. Qg5+ Kf8 30. Qf6+ 1/2-1/2